[Event "AUTO-INT-1154"]
[Site "http://www.queenalice.com/game.php?id=516297"]
[Date "2009.1.2"]
[Round "1"]
[White "lafayete2000"]
[Black "Chupaca"]
[Result "0-1"]
[WhiteElo "1518"]
[BlackElo "1686"]

1. e4 e5 2. Nf3 d6 3. h3 Nf6 4. d3 Be7 5. Nc3 O-O 6. Nh4 Nxe4 7. Nxe4 Bxh4 8.
Qf3 Nc6 9. c3 f5 10. Nd2 d5 11. Be2 e4 12. dxe4 fxe4 13. Qe3 Bf5 14. O-O d4 15.
Bc4+ Kh8 16. cxd4 Nxd4 17. Bb3 Bg5 18. Qc3 Ne2+ 0-1

[Event "AUTO-INT-1154"]
[Site "http://www.queenalice.com/game.php?id=516298"]
[Date "2009.1.2"]
[Round "1"]
[White "Chupaca"]
[Black "lafayete2000"]
[Result "1-0"]
[WhiteElo "1689"]
[BlackElo "1606"]

1. e4 e5 2. Nf3 Qf6 3. Nc3 c6 4. d3 h6 5. Be2 Bc5 6. O-O d6 7. Bd2 Qg6 8. Nh4
Qf6 9. Nf5 Bxf5 10. exf5 Qxf5 11. Ne4 Nd7 12. Bg4 Qg6 13. h4 h5 14. Nxc5 Nxc5
15. Bh3 e4 16. Re1 Ne7 17. Qe2 O-O 18. dxe4 Rfe8 19. c4 d5 20. cxd5 Nxd5 21. Qc4
Nxe4 22. Be3 Nxe3 23. Rxe3 Nd2 24. Qd3 Qxd3 25. Rxd3 Nc4 26. b3 Ne5 27. Rd4 Rad8
28. Rxd8 Rxd8 29. Re1 Nd3 30. Rd1 g6 31. g4 Kf8 32. gxh5 Ke7 33. hxg6 fxg6 34.
Bg2 Nf4 35. Rxd8 Kxd8 36. Be4 Ke7 37. Kh2 Ke6 38. Kg3 Ke5 39. f3 b5 40. Bxc6 a6
41. Kg4 Ng2 42. Kg5 Nf4 43. Be4 b4 44. Bxg6 Ne6+ 45. Kg4 Kf6 46. Bd3 1-0

[Event "AUTO-INT-1154"]
[Site "http://www.queenalice.com/game.php?id=516303"]
[Date "2009.1.2"]
[Round "1"]
[White "fomalhaut"]
[Black "Chupaca"]
[Result "0-1"]
[WhiteElo "1356"]
[BlackElo "1695"]

1. e4 e5 2. c3 Nc6 3. Bb5 Nge7 4. Nf3 d6 5. d4 exd4 6. cxd4 Bd7 7. O-O g6 8. Bd2
Bg7 9. Bc3 O-O 10. d5 Ne5 11. Bxd7 Qxd7 12. h3 c6 13. Nxe5 dxe5 14. d6 Nc8 15.
Bb4 Nxd6 16. Nc3 Rad8 17. Na4 b6 18. Rc1 c5 19. Be1 Nxe4 20. Qxd7 Rxd7 21. f3
Nd2 22. Rf2 Rfd8 23. b3 e4 24. Kh1 exf3 25. gxf3 Rd3 26. Kg2 Bh6 27. Nb2 R3d5
28. Rd1 Be3 29. Re2 Rg5+ 30. Kh1 Rg1+ 0-1

[Event "AUTO-INT-1154"]
[Site "http://www.queenalice.com/game.php?id=516304"]
[Date "2009.1.2"]
[Round "1"]
[White "Chupaca"]
[Black "fomalhaut"]
[Result "0-1"]
[WhiteElo "1719"]
[BlackElo "1369"]

1. e4 e5 2. Nf3 d6 3. d4 Bg4 4. Be2 Nf6 5. dxe5 Nxe4 6. Qd4 d5 7. c4 c6 8. cxd5
cxd5 9. Bb5+ Nc6 10. Qe3 Qa5+ 11. Nbd2 Qxb5 12. h3 Bc5 13. Qb3 Bxf2+ 14. Kd1
Qxb3+ 15. Nxb3 Bh5 16. g4 Bg6 17. Rh2 Bg3 18. Re2 Nf2+ 19. Kd2 Nxh3 20. Nbd4 O-O
21. Re3 Bf4 22. Ke2 Bxe3 23. Bxe3 Nxd4+ 24. Bxd4 Rac8 25. Bxa7 Rc2+ 26. Kf1 Bd3+
27. Ke1 Re8 28. Bd4 f6 29. Kd1 fxe5 30. Nxe5 Be4 31. Nf3 Rf8 32. Rc1 Rxc1+ 33.
Kxc1 Rxf3 34. a4 Rf1+ 35. Kd2 Rh1 36. b4 Ng5 0-1

[Event "Challenge"]
[Site "http://www.queenalice.com/game.php?id=529208"]
[Date "2009.1.25"]
[Round "-"]
[White "Chupaca"]
[Black "positionalgenius"]
[Result "1-0"]
[WhiteElo "1702"]
[BlackElo "1855"]

1. e4 e5 2. Nf3 Nc6 3. Bb5 Nf6 4. Bxc6 bxc6 5. d3 d6 6. Bg5 Be7 7. O-O O-O 8.
Nc3 Be6 9. d4 exd4 10. Nxd4 c5 11. Nc6 Qd7 12. Nxe7+ Qxe7 13. f4 h6 14. Bh4 c6
15. e5 dxe5 16. fxe5 g5 17. exf6 Qb7 18. Bxg5 hxg5 19. Qh5 Rfd8 20. Qxg5+ Kf8
21. Rad1 Rd5 22. Nxd5 cxd5 23. Rf3 Qxb2 24. Rb3 Qxc2 25. Rf1 Rc8 26. Qg7+ Ke8
27. Rb7 Qg6 28. Qh8+ 1-0

[Event "Challenge"]
[Site "http://www.queenalice.com/game.php?id=530235"]
[Date "2009.1.27"]
[Round "-"]
[White "positionalgenius"]
[Black "Chupaca"]
[Result "1/2-1/2"]
[WhiteElo "1857"]
[BlackElo "1721"]

1. e4 c5 2. Nf3 d6 3. d4 cxd4 4. Nxd4 Nf6 5. Nc3 g6 6. Bg5 Bg7 7. Qd2 Nc6 8.
Nxc6 bxc6 9. O-O-O O-O 10. Kb1 Qb6 11. Bxf6 Bxf6 12. f4 d5 13. exd5 cxd5 14. Bd3
Rb8 15. b3 Qb4 16. Nxd5 Qa3 17. Nxf6+ exf6 18. Qc3 Rb6 19. Qb2 Qc5 20. h4 Qf2
21. f5 Bxf5 22. Bxf5 Qxf5 23. Rdf1 Qe5 24. Qa3 Rc8 25. Qxa7 Re6 26. Rh3 Qe2 27.
Qf2 Rxc2 28. Qxe2 Rexe2 29. Rxf6 Rcd2 30. Rf1 Rxa2 31. Rg3 1/2-1/2

[Event "Challenge"]
[Site "http://www.queenalice.com/game.php?id=541894"]
[Date "2009.2.17"]
[Round "-"]
[White "SiColl007"]
[Black "Chupaca"]
[Result "1-0"]
[WhiteElo "1689"]
[BlackElo "1726"]

1. d4 f5 2. c4 e6 3. e3 Nf6 4. Nf3 Ne4 5. a3 Be7 6. Bd3 O-O 7. O-O b6 8. Nc3 Bb7
9. Qc2 Bh4 10. Nxe4 fxe4 11. Bxe4 Bxe4 12. Qxe4 Bxf2+ 13. Rxf2 d5 14. cxd5 exd5
15. Qg4 Qe8 16. Bd2 Nd7 17. Raf1 Nf6 18. Qh4 Ne4 19. Ng5 Qg6 20. Nxe4 dxe4 21.
Bb4 Rxf2 22. Rxf2 a5 23. Bc3 Re8 24. Rf4 1-0

[Event "Let's Play Chess!"]
[Site "http://www.queenalice.com/game.php?id=553143"]
[Date "2009.3.9"]
[Round "-"]
[White "sejalivre"]
[Black "Chupaca"]
[Result "1-0"]
[WhiteElo "1532"]
[BlackElo "1582"]

1. c4 e5 2. g3 Nc6 3. Bg2 Qf6 4. Nc3 Bc5 5. e3 Nd4 6. Nd5 Qd6 7. exd4 Bxd4 8. d3
Nf6 9. Bg5 Nxd5 10. cxd5 c6 11. Nf3 Bxb2 12. Rb1 Bd4 13. O-O Qxd5 14. Qd2 f6 15.
Nh4 Qf7 16. Be3 O-O 17. f4 d5 18. fxe5 Bxe5 19. d4 Bd6 20. Nf5 Bxf5 21. Rxf5 Qg6
22. Rbf1 Rfe8 23. Rg5 Qf7 24. Rf3 h6 25. Rg4 h5 26. Rxg7+ Qxg7 27. Bh3 Rf8 28.
Bh6 Bb4 29. Qxb4 Qxh6 30. Be6+ Kg7 31. Qe7+ Kh8 32. Qxb7 h4 33. Qe7 Rae8 34.
Rxf6 Rxe7 35. Rxh6+ Kg7 36. Rxh4 Rxe6 37. a4 Re2 38. Rg4+ Kf7 39. Kf1 Rxh2 40.
Kg1 1-0

[Event "Challenge"]
[Site "http://www.queenalice.com/game.php?id=553161"]
[Date "2009.3.9"]
[Round "-"]
[White "Chupaca"]
[Black "doomedbr"]
[Result "0-1"]
[WhiteElo "1709"]
[BlackElo "1891"]

1. e4 e6 2. d4 Qh4 3. Nc3 Bb4 4. Bd2 Nf6 5. Nf3 Qh5 6. Be2 Qa5 7. Nb5 Nxe4 8.
Bxb4 Qxb4+ 9. c3 Qxb2 10. Nxc7+ Ke7 11. Nxa8 Qxc3+ 12. Kf1 Nd2+ 13. Nxd2 Qxd4
14. Nc4 Qxd1+ 15. Rxd1 d5 16. Ne5 f6 17. Nf3 Kd7 18. Rc1 Nc6 19. Bb5 Kd6 20. Ke2
e5 21. Rhd1 Bg4 22. Rd2 e4 23. Rcd1 exf3+ 24. gxf3 Re8+ 25. Kf1 Bxf3 26. Be2
Bxe2+ 27. Rxe2 Rxa8 28. Rde1 d4 29. Re7 Nxe7 0-1

[Event "Challenge"]
[Site "http://www.queenalice.com/game.php?id=553164"]
[Date "2009.3.9"]
[Round "-"]
[White "Chupaca"]
[Black "jajaf1959"]
[Result "0-1"]
[WhiteElo "1689"]
[BlackElo "1707"]

1. c4 Nf6 2. d4 c5 3. e3 g6 4. Nc3 Bg7 5. Nf3 cxd4 6. exd4 O-O 7. Bd3 d6 8. Ng5
Nc6 9. d5 Ne5 10. Be2 b6 11. f4 Ned7 12. O-O Nc5 13. Rb1 Bf5 14. Ra1 Qd7 15. h3
h6 16. Nf3 Nce4 17. Qe1 Nh5 18. Nxe4 Bxe4 19. a3 e6 20. Qd1 Ng3 21. Rf2 Nf5 22.
Bd3 Bxf3 23. Rxf3 Bd4+ 24. Kh1 Kh7 25. Ra2 Nh4 26. Rf1 exd5 27. cxd5 Qb7 28. Bc4
Nf5 0-1

[Event "Challenge"]
[Site "http://www.queenalice.com/game.php?id=553377"]
[Date "2009.3.9"]
[Round "-"]
[White "Chupaca"]
[Black "esteban"]
[Result "0-1"]
[WhiteElo "1700"]
[BlackElo "1827"]

1. e4 c6 2. Nc3 d5 3. Nf3 dxe4 4. Nxe4 Bf5 5. d3 Bxe4 6. dxe4 Qxd1+ 7. Kxd1 e6
8. Bd2 Bc5 9. Bc3 Nf6 10. Bd4 Bxd4 11. Nxd4 Nxe4 12. Ke1 O-O 13. f3 Nf6 14. b4
Nbd7 15. f4 Rad8 16. c3 Nb6 17. Rd1 Rfe8 18. Nf5 exf5+ 0-1

[Event "AUTO-INT-1032"]
[Site "http://www.queenalice.com/game.php?id=556613"]
[Date "2009.3.15"]
[Round "2"]
[White "Kuroi"]
[Black "Chupaca"]
[Result "1-0"]
[WhiteElo "1789"]
[BlackElo "1666"]

1. e4 e5 2. Nf3 d6 3. Bc4 f5 4. d3 fxe4 5. dxe4 Be7 6. Nc3 Nf6 7. h3 Bd7 8. Ng5
Qc8 9. Bf7+ Kf8 10. Bd5 h6 11. Nf7 Rh7 12. Qf3 Be6 13. Bxe6 Qxe6 14. Nxe5 Qxe5
15. Bf4 Qa5 16. Bd2 Qc5 17. O-O-O Nc6 18. Be3 Qc4 19. g4 Nb4 20. b3 1-0

[Event "AUTO-INT-1032"]
[Site "http://www.queenalice.com/game.php?id=556614"]
[Date "2009.3.15"]
[Round "2"]
[White "Chupaca"]
[Black "Kuroi"]
[Result "0-1"]
[WhiteElo "1655"]
[BlackElo "1800"]

1. e4 e5 2. Nf3 Nc6 3. Bb5 Qf6 4. Bxc6 Qxc6 5. Nc3 Bb4 6. Nxe5 Qf6 7. Ng4 Qd8 8.
Qf3 Qe7 9. Nd5 Qd6 10. a3 Bc5 11. b4 f6 12. bxc5 Qxc5 13. Ra2 c6 14. Nde3 Ne7
15. Nxf6+ gxf6 16. Qxf6 Rf8 17. Qg7 b6 18. Bb2 Ba6 19. d3 Qa5+ 20. c3 Bxd3 0-1

[Event "AUTO-INT-1032"]
[Site "http://www.queenalice.com/game.php?id=556619"]
[Date "2009.3.15"]
[Round "2"]
[White "Chupaca"]
[Black "joaoreis001"]
[Result "0-1"]
[WhiteElo "1588"]
[BlackElo "1847"]

1. e4 e5 2. Nf3 Nc6 3. Bb5 d6 4. Bxc6+ bxc6 5. d3 Bg4 6. O-O h6 7. Be3 g5 8. h3
Be6 9. Nc3 Nf6 10. d4 exd4 11. Bxd4 Bg7 12. e5 Nd5 13. exd6 Bxd4 14. Qxd4 f6 15.
dxc7 Nxc7 16. Qc5 Bd7 17. Rfe1+ Kf7 18. Rad1 Ne6 19. Qc4 Re8 0-1

[Event "AUTO-INT-1032"]
[Site "http://www.queenalice.com/game.php?id=556620"]
[Date "2009.3.15"]
[Round "2"]
[White "joaoreis001"]
[Black "Chupaca"]
[Result "1-0"]
[WhiteElo "1841"]
[BlackElo "1594"]

1. e4 e5 2. Nf3 Nc6 3. Bc4 Bc5 4. a3 Qe7 5. Ng5 Qxg5 6. g3 Qf6 7. O-O b6 8. b4
Be7 9. Bd5 Bb7 10. c3 O-O-O 11. f4 Qg6 12. f5 Qf6 13. d3 Bd6 14. Nd2 Nge7 15.
Nf3 Nxd5 16. Bg5 Ne3 17. Qe2 Qxg5 18. Nxg5 Nxf1 19. Nxf7 1-0

[Event "AUTO-INT-1032"]
[Site "http://www.queenalice.com/game.php?id=556621"]
[Date "2009.3.15"]
[Round "2"]
[White "Chupaca"]
[Black "FabianoSales"]
[Result "0-1"]
[WhiteElo "1645"]
[BlackElo "1815"]

1. e4 e5 2. Nf3 Nc6 3. Bb5 Nge7 4. d3 h6 5. O-O a6 6. Bxc6 bxc6 7. Nxe5 d6 8.
Nxf7 Kxf7 9. Qf3+ Ke8 10. Nc3 Bb7 11. Qh5+ g6 12. Qg4 h5 13. Qg5 Qd7 14. Bf4 Bh6
15. Qf6 Bxf4 16. Qxf4 c5 17. Rae1 Rf8 18. Qg5 Qg4 19. Qxg4 hxg4 20. Nd5 Kd7 21.
c4 Rae8 22. Re3 c6 23. Nb6+ Kc7 24. Na4 Nc8 25. Rg3 Ne7 26. Rxg4 d5 27. cxd5
cxd5 28. Nxc5 dxe4 29. dxe4 Rg8 30. Rc1 Kb6 31. b4 Nc6 32. a3 Nd4 33. Rd1 Rd8
34. e5 Nf3+ 0-1

[Event "AUTO-INT-1032"]
[Site "http://www.queenalice.com/game.php?id=556622"]
[Date "2009.3.15"]
[Round "2"]
[White "FabianoSales"]
[Black "Chupaca"]
[Result "1-0"]
[WhiteElo "1824"]
[BlackElo "1636"]

1. d4 f5 2. f4 Nf6 3. Nf3 d6 4. Nc3 Bd7 5. e3 a6 6. Bc4 e6 7. O-O Bc6 8. Bxe6
Ne4 9. Nxe4 Bxe4 10. Ng5 h6 11. Nf7 Qf6 12. d5 Rh7 13. Bd2 Qg6 14. Rf2 c6 15. c4
Qf6 16. Bc3 Qe7 17. h3 g5 18. Nh8 Bg7 19. Ng6 Qc7 20. Qd2 b6 21. b4 Bxc3 22. Qd1
Bxa1 23. Qxa1 Nd7 24. Nh8 O-O-O 25. Nf7 Rf8 26. fxg5 hxg5 27. Nxg5 Rh5 28. Nxe4
Kb7 29. Ng3 Rg5 30. dxc6+ 1-0

[Event "AUTO-INT-1154"]
[Site "http://www.queenalice.com/game.php?id=564331"]
[Date "2009.3.31"]
[Round "2"]
[White "Danado"]
[Black "Chupaca"]
[Result "1-0"]
[WhiteElo "1644"]
[BlackElo "1623"]

1. e4 e5 2. Nf3 d6 3. d4 Nf6 4. Nc3 exd4 5. Nxd4 Bd7 6. Be3 Nc6 7. Nxc6 Bxc6 8.
Bb5 Qd7 9. Bxc6 Qxc6 10. f3 Be7 11. Qe2 O-O-O 12. O-O Kb8 13. Bg5 h6 14. Bxf6
Bxf6 15. Qe3 Rhe8 16. a4 Bxc3 17. bxc3 f5 18. Rfe1 d5 19. Red1 dxe4 20. Rxd8+
Rxd8 21. h3 h5 22. Qg5 Rd2 23. Qxg7 1-0

[Event "AUTO-INT-1154"]
[Site "http://www.queenalice.com/game.php?id=564332"]
[Date "2009.3.31"]
[Round "2"]
[White "Chupaca"]
[Black "Danado"]
[Result "0-1"]
[WhiteElo "1608"]
[BlackElo "1659"]

1. e4 e5 2. Nf3 Nf6 3. d3 Nc6 4. g3 d5 5. Bg5 dxe4 6. Bxf6 gxf6 7. Nh4 Nd4 8.
dxe4 Bg4 9. Qd3 Nb5 10. Qxd8+ Rxd8 11. Bxb5+ c6 12. Bd3 Bb4+ 13. Nc3 Bxc3+ 14.
bxc3 Rg8 15. h3 Be6 16. c4 b6 17. Nf5 Bxf5 18. exf5 a6 19. a4 Rd4 20. O-O e4 21.
Rfe1 Kf8 22. Rxe4 Rxe4 23. Bxe4 c5 0-1

[Event "AUTO-INT-1154"]
[Site "http://www.queenalice.com/game.php?id=564333"]
[Date "2009.3.31"]
[Round "2"]
[White "Poirot"]
[Black "Chupaca"]
[Result "1-0"]
[WhiteElo "1871"]
[BlackElo "1674"]

1. e4 e5 2. Nf3 d6 3. d4 Nf6 4. Nc3 exd4 5. Nxd4 d5 6. exd5 Nxd5 7. Nxd5 Qxd5 8.
c4 Qe4+ 9. Qe2 Bb4+ 10. Bd2 Bxd2+ 11. Kxd2 f5 12. Re1 O-O 13. Qxe4 fxe4 14. Re2
c5 15. Nb5 Na6 16. h3 Nb4 17. Nc7 Rb8 18. a3 Nd3 19. Ke3 Bf5 20. g4 Bg6 21. Nd5
Rf3+ 22. Kd2 Re8 23. Rh2 Nxb2 24. Re3 Nxc4+ 25. Bxc4 Kh8 26. Rxf3 exf3 27. Nf4
Be4 28. Nd3 Rd8 29. Kc3 a6 30. Nxc5 Bc6 31. Rh1 1-0

[Event "AUTO-INT-1154"]
[Site "http://www.queenalice.com/game.php?id=564334"]
[Date "2009.3.31"]
[Round "2"]
[White "Chupaca"]
[Black "Poirot"]
[Result "0-1"]
[WhiteElo "1628"]
[BlackElo "1891"]

1. e4 e5 2. Nf3 Nc6 3. Bb5 a6 4. Bxc6 dxc6 5. h3 Bd6 6. d4 exd4 7. Nxd4 Nf6 8.
Nc3 O-O 9. Be3 c5 10. Nf3 Be7 11. Nd5 Nxd5 12. exd5 Bf6 13. Rb1 c6 14. Bxc5 Qa5+
15. b4 Re8+ 16. Be3 Qxa2 17. dxc6 Bc3+ 18. Kf1 bxc6 19. g4 Bb7 20. Kg2 c5 21.
bxc5 Be4 22. Rc1 Bb2 23. Rb1 Bf6 24. Rc1 Rad8 0-1